|
|
|
|
| LEADER |
00799nab a2200241 i 4500 |
| 001 |
misc65170 |
| 005 |
20231026120707.0 |
| 008 |
230907s1957 hu o 0|| eng d |
| 040 |
|
|
|a SZTE Miscellanea Repozitórium
|b hun
|
| 041 |
|
|
|a eng
|
| 041 |
|
|
|a rus
|
| 100 |
1 |
|
|a Valitova A. A.
|
| 245 |
1 |
0 |
|a Rascvet literatury karakalpakskogo naroda
|h [elektronikus dokumentum] :
|b obzor literaturovedčeskih izdanij /
|c Valitova A. A.
|
| 260 |
|
|
|c 1957
|
| 300 |
|
|
|a 140-150
|c 24 cm
|
| 300 |
|
|
|a [11] p.
|c 24 cm
|
| 490 |
0 |
|
|a Sovetskoe vostokovedenie
|
| 561 |
|
|
|a Németh Gyula hagyaték
|
| 591 |
|
|
|a NOA 6291
|
| 650 |
|
4 |
|a Bölcsészettudományok
|
| 650 |
|
4 |
|a Nyelvek és irodalom
|
| 695 |
|
|
|a Karakalpak irodalom története
|
| 856 |
4 |
0 |
|u http://misc.bibl.u-szeged.hu/65170/1/6291_noa.pdf
|z Dokumentum-elérés
|